BENGKEL Perancangan STRATEGIK MAJLIS PERBANDARAN PETALING JAYA . 25 - 28 September '99

Bibliographic Details
Format: Book

MARC

LEADER 00000cam a2200000 7i4500
001 0000322448
005 20250203160447.0
006 ao ###gr ###o
007 ta
008 250203n my s may
040 |a MBPJ   |b eng   |c MBPJ   |e rda 
090 4 |a NNK 148 
110 2 |a Majlis Perbandaran Petaling Jaya   |e issuing body 
245 0 0 |a BENGKEL Perancangan STRATEGIK MAJLIS PERBANDARAN PETALING JAYA .   |n 25 - 28 September '99   |c Majlis Perbandaran Petaling Jaya 
264 0 |a [place of publication not identified] :   |b [publisher not identified]   |c [date of publication not identified] 
300 |a 1 volume (various paging) ;   |c 30 cm. 
336 |a text  |2 rdacontent 
337 |a unmediated  |2 rdamedia 
338 |a volume  |2 rdacarrier 
500 |a Nota-nota kursus MBPJ 
999 |a BA4833/25   |b NOTA-NOTA KURSUS   |c KOLEKSI BAHAN ARKIB   |e PERPUSTAKAAN KOMUNITI PETALING JAYA